<?xml version="1.0" encoding="UTF-8"?>
<record
    xmlns:xsi="http://www.w3.org/2001/XMLSchema-instance"
    xsi:schemaLocation="http://www.loc.gov/MARC21/slim http://www.loc.gov/standards/marcxml/schema/MARC21slim.xsd"
    xmlns="http://www.loc.gov/MARC21/slim">

  <leader>01442nam a2200205   4500</leader>
  <controlfield tag="008">200210e2013    sp ||||g |||| 000 0 spa d</controlfield>
  <datafield tag="020" ind1=" " ind2=" ">
    <subfield code="a">9788466652353</subfield>
  </datafield>
  <datafield tag="041" ind1=" " ind2=" ">
    <subfield code="a">spa</subfield>
  </datafield>
  <datafield tag="092" ind1=" " ind2=" ">
    <subfield code="c">808 </subfield>
    <subfield code="l">51</subfield>
    <subfield code="s">MEN</subfield>
  </datafield>
  <datafield tag="100" ind1="1" ind2=" ">
    <subfield code="a">Mendoza, Plinio Apuleyo</subfield>
    <subfield code="9">4105</subfield>
  </datafield>
  <datafield tag="245" ind1=" " ind2=" ">
    <subfield code="a">Gabo.</subfield>
    <subfield code="b">Cartas y recuerdos /</subfield>
    <subfield code="c">Plinio Apuleyo Mendoza</subfield>
  </datafield>
  <datafield tag="250" ind1=" " ind2=" ">
    <subfield code="a">1a ed.</subfield>
  </datafield>
  <datafield tag="260" ind1=" " ind2=" ">
    <subfield code="a">Barcelona:</subfield>
    <subfield code="b">Ediciones B;</subfield>
    <subfield code="c">2013.</subfield>
  </datafield>
  <datafield tag="300" ind1=" " ind2=" ">
    <subfield code="a">251 p.</subfield>
  </datafield>
  <datafield tag="500" ind1=" " ind2=" ">
    <subfield code="a">Mendoza, P. A. (2013). Gabo. Cartas y recuerdos. (1a ed.). Buenos Aires : Ediciones B.
</subfield>
  </datafield>
  <datafield tag="505" ind1=" " ind2=" ">
    <subfield code="a">Cuenta Plinio Apuleyo Mendoza que, a veces, su amigo Gabriel Garc&#xED;a M&#xE1;rquez, el novelista idolatrado por millones de lectores en todo el mundo, se libera del peso de su propio mito y vuelve a ser, simplemente, Gabo. Este libro nos habla de esos momentos. Del Gabo aut&#xE9;ntico, conocido solo por su c&#xED;rculo m&#xE1;s &#xED;ntimo. Es un retrato emocionante y a ratos sorprendente del escritor colombiano, desde sus comienzos como aspirante a periodista hasta su consagraci&#xF3;n definitiva con el Premio Nobel de Literatura. Adem&#xE1;s, el libro incluye once cartas in&#xE9;ditas escritas por Gabo a Plinio, su confidente literario. Se trata de documentos de un extraordinario valor, en los que el novelista expresa sus dudas, dificultades y esperanzas durante la escritura de obras maestras como Cien a&#xF1;os de soledad o El oto&#xF1;o del patriarca. </subfield>
  </datafield>
  <datafield tag="590" ind1=" " ind2=" ">
    <subfield code="a">Donaci&#xF3;n, febrero 2020.</subfield>
  </datafield>
  <datafield tag="655" ind1=" " ind2=" ">
    <subfield code="a">Literatura</subfield>
    <subfield code="9">2917</subfield>
  </datafield>
  <datafield tag="942" ind1=" " ind2=" ">
    <subfield code="2">ddc</subfield>
    <subfield code="c">LIT</subfield>
  </datafield>
  <datafield tag="999" ind1=" " ind2=" ">
    <subfield code="c">3059</subfield>
    <subfield code="d">3059</subfield>
  </datafield>
  <datafield tag="952" ind1=" " ind2=" ">
    <subfield code="0">0</subfield>
    <subfield code="1">0</subfield>
    <subfield code="2">ddc</subfield>
    <subfield code="4">0</subfield>
    <subfield code="7">0</subfield>
    <subfield code="a">BFM</subfield>
    <subfield code="b">BFM</subfield>
    <subfield code="c">CR</subfield>
    <subfield code="d">2020-02-11</subfield>
    <subfield code="e">Donaci&#xF3;n Constanzo Juan Carlos, Febrero 2020</subfield>
    <subfield code="l">0</subfield>
    <subfield code="o">808 51 MEN</subfield>
    <subfield code="p">4610</subfield>
    <subfield code="r">2020-02-11</subfield>
    <subfield code="t">Ej. 1</subfield>
    <subfield code="w">2020-02-11</subfield>
    <subfield code="y">LIT</subfield>
    <subfield code="z">Donaci&#xF3;n Constanzo Juan Carlos, Febrero 2020</subfield>
  </datafield>
</record>
